Westlichster Ort in jedem Bundesland - Statistiken

Allgemein
  • Dieses Quiz wurde 24 mal gespielt
  • Das Durchschnittsergebnis liegt bei 2 aus 13
Antwortstatistiken
Bundesland Ort % Korrekt
Nordrhein-Westfalen Selfkant
67%
Schleswig-Holstein Helgoland
57%
Niedersachsen Borkum
24%
Saarland Perl (Mosel)
24%
Hessen Lorch (Rheingau)
19%
Baden-Württemberg Efringen-Kirchen
10%
Bayern Karlstein am Main
10%
Sachsen-Anhalt Osterwieck
10%
Rheinland-Pfalz Dasburg
5%
Thüringen Geisa
5%
Sachsen Pausa-Mühltroff
5%
Brandenburg Lenzerwische
0%
Mecklenburg-Vorpommern Nostorf
0%
Keine übereinstimmenden Quizze gefunden
Verteilung der Resultate
Anzahl Personen mit jedem Resultat
Perzentil nach korrekt beantworteten Fragen
Ihre Resultats-Entwicklung
Sie haben dieses Quiz noch nicht gespielt